Music Quiz

Random Music or Clickable Quiz

Which Hanson Song? Quiz Stats

 Plays Quiz not verified by Sporcle

Challenge
Share
Tweet
Embed
Score 0/16 Timer 08:00
0 Plays Today
% Correct
She loves to keep you in suspense
97.6%
Well you've been out there shaking the tail the boys are chasing
96.8%
You get what you pay for in sweat, little voice that says please don't forget
96.8%
Tell her she was always right
96.8%
Rockerball slipped away on a bus to LA
96.8%
It's because I love you and I know that it's true
96%
They run around in underwear and they never shave
96%
Making birthday wishes, 71 almost
95.2%
% Correct
And all I care about is you and me and us and now
95.2%
I guess we'll never understand until we reach the promised land
95.2%
You've got to tell me once again do you love me
95.2%
Something in a dream. That's not quite what I mean
95.2%
I live for you and me and a lonely drive
95.2%
But if you don't bleed then it ain't no cut
95.2%
We're making it by in the pink moonlight
94.4%
I'd fly to the moon and then around the sun
94.4%

You're not logged in!

Compare scores with friends on all Sporcle quizzes.
Join for Free
OR
Log In

You Might Also Like...

Show Comments

Extras

Top Quizzes Today


Score Distribution

Your Account Isn't Verified!

In order to create a playlist on Sporcle, you need to verify the email address you used during registration. Go to your Sporcle Settings to finish the process.

Report this User

Report this user for behavior that violates our Community Guidelines.

Details: